Rethinking Social Action Through Music : The Search for Coexistence and Citizenship in Medellín's Music Schools.

How can we better understand the past, present and future of Social Action through Music (SATM)?This ground-breaking book examines the development of the Red de Escuelas de Música de Medellín (the Network of Music Schools of Medellín), a network of 27 schools founded in Colombia's second cit...

Full description

Bibliographic Details
Main Author: Baker, Geoffrey.
Format: eBook
Language:English
Published: Cambridge, UK : Open Book Publishers, 2021.
Edition:1st ed.
Subjects:
Online Access:Click to View
LEADER 02324nam a22003733i 4500
001 EBC6551435
003 MiAaPQ
005 20231204023216.0
006 m o d |
007 cr cnu||||||||
008 231204s2021 xx o ||||0 eng d
020 |a 9781800641280  |q (electronic bk.) 
020 |z 9781800641273 
035 |a (MiAaPQ)EBC6551435 
035 |a (Au-PeEL)EBL6551435 
035 |a (OCoLC)1246625319 
040 |a MiAaPQ  |b eng  |e rda  |e pn  |c MiAaPQ  |d MiAaPQ 
100 1 |a Baker, Geoffrey. 
245 1 0 |a Rethinking Social Action Through Music :  |b The Search for Coexistence and Citizenship in Medellín's Music Schools. 
250 |a 1st ed. 
264 1 |a Cambridge, UK :  |b Open Book Publishers,  |c 2021. 
264 4 |c {copy}2021. 
300 |a 1 online resource (478 pages) 
336 |a text  |b txt  |2 rdacontent 
337 |a computer  |b c  |2 rdamedia 
338 |a online resource  |b cr  |2 rdacarrier 
505 0 |a Intro -- Table of Contents -- List of Acronyms -- Acknowledgments -- Introduction -- PART I -- 1. Creating, Redirecting, and Reforming the Red -- 2. The Red Pushes Back: Tensions, Debates, and Resistance -- 3. The Red through a Social Lens -- 4. The New Image of Medellín to the World -- PART II -- 5. Change -- 6. Challenges -- 7. Possibilities of Transformation -- Afterword -- Bibliography -- List of Figures -- Index. 
520 |a How can we better understand the past, present and future of Social Action through Music (SATM)?This ground-breaking book examines the development of the Red de Escuelas de Música de Medellín (the Network of Music Schools of Medellín), a network of 27 schools founded in Colombia's second city in 1996 as a response to its reputation as the most dangerous city on Earth. 
588 |a Description based on publisher supplied metadata and other sources. 
590 |a Electronic reproduction. Ann Arbor, Michigan : ProQuest Ebook Central, 2023. Available via World Wide Web. Access may be limited to ProQuest Ebook Central affiliated libraries.  
655 4 |a Electronic books. 
776 0 8 |i Print version:  |a Baker, Geoffrey  |t Rethinking Social Action Through Music  |d Cambridge, UK : Open Book Publishers,c2021  |z 9781800641273 
797 2 |a ProQuest (Firm) 
856 4 0 |u https://ebookcentral.proquest.com/lib/matrademy/detail.action?docID=6551435  |z Click to View